000 00525nam a2200169Ia 4500
003 LDD
008 190117s9999 xx 000 0 und d
020 _c₹9
040 _cLDD
041 _ahi
082 _a8H3.7 य 6925 लै
100 _aयशपाल
245 0 _aलैम्प शैड
_b यशपाल जी की अप्रकाशित कहानियाँ
_cयशपाल
260 _aइलाहाबाद
_bलोकभारती
_c1978
300 _a65प्र.
942 _2ddc
_cH
999 _c167577
_d167577